Managerial Economics / (Record no. 57005)

MARC details
000 -LEADER
fixed length control field 01013nam a22002777a 4500
005 - DATE AND TIME OF LATEST TRANSACTION
control field 20110923165942.0
008 - FIXED-LENGTH DATA ELEMENTS--GENERAL INFORMATION
fixed length control field 110923t xxu||||| |||| 00| 0 eng d
010 ## - LCCN (DPL NO)
LC control number ENG-103845
020 ## - INTERNATIONAL STANDARD BOOK NUMBER
Terms of availability 895.00
International Standard Book Number 8183243789
020 ## - INTERNATIONAL STANDARD BOOK NUMBER
Terms of availability 895.00
International Standard Book Number 9788183243780
035 ## - SYSTEM CONTROL NUMBER
System control number EN-87378
037 ## - SOURCE OF ACQUISITION
Source of stock number/acquisition DBAD/PUB
040 ## - CATALOGING SOURCE
Original cataloging agency DPL
Language of cataloging Eng
082 ## - DEWEY DECIMAL CLASSIFICATION NUMBER
Classification number 338.5024658
100 ## - MAIN ENTRY--PERSONAL NAME
9 (RLIN) 34818
Personal name Kuldeep Singh
245 ## - TITLE STATEMENT
Title Managerial Economics /
Statement of responsibility, etc by Kuldeep Singh [and] Monica Bansal
260 ## - PUBLICATION, DISTRIBUTION, ETC. (IMPRINT)
Place of publication, distribution, etc New Delhi
Name of publisher, distributor, etc Mittal Publications
Date of publication, distribution, etc 2011
270 ## - ADDRESS
Address 4594/9, Ansari Road, Darya Ganj
City New Delhi
Postal code 110002
Telephone number 011-23250398
Fax number 91-11-25351521
Electronic mail address mittalp@ndf.vsnl.net.in
300 ## - PHYSICAL DESCRIPTION
Extent xvi359p.
Dimensions 22cm (Hb)
500 ## - GENERAL NOTE
General note Includes index
650 ## - SUBJECT ADDED ENTRY--TOPICAL TERM
9 (RLIN) 34827
651 ## - SUBJECT ADDED ENTRY--GEOGRAPHIC NAME
9 (RLIN) 34820
700 ## - ADDED ENTRY--PERSONAL NAME
9 (RLIN) 34830
Personal name Bansal, Monica
942 ## - ADDED ENTRY ELEMENTS (KOHA)
Source of classification or shelving scheme Dewey Decimal Classification
Item type English Books
Call number suffix KUL
Classification part 338.5024658
Holdings
Withdrawn status Lost status Source of classification or shelving scheme Damaged status Not for loan Collection code Home library Current library Date acquired Source of acquisition Cost, normal purchase price Total Checkouts Full call number Barcode Date last seen Copy number Cost, replacement price Koha item type
    Dewey Decimal Classification     Non-fiction D.B.Act.Division D.B.Act.Division 26/09/2011 DBAD/PUB 895.00   338.5024658 KUL EN-87378 26/09/2011 1 895.00 English Books

© Delhi Public Library
Hit Counter
free hit counter